Colorado Municipalities #1 - Statistics

General Stats
  • This quiz has been taken 8 times
  • The average score is 9 of 15
Answer Stats
Hint Town/City % Correct
Mile High City Denver
100%
Home of Colorado State Fort Collins
100%
Spanish for lemon Limon
100%
Suburb of both Chicago and Denver Aurora
83%
Nearest town to Mesa Verde Cortez
83%
A major resort company is named after this town Vail
83%
Home of the USAFA Colorado Springs
67%
Under Pike's shadow Manitou Springs
67%
Longest ski slope in the state Snowmass Village
50%
Twins with cities in Mexico and Spain with the same name Durango
33%
Home of the Heroes Pueblo
33%
Known for a specific melon type Rocky Ford
33%
Has a twin near Wichita in Kansas Sedgwick
33%
Most common 20k+ city name Springfield
33%
The holy trinity Trinidad
33%
No matching quizzes found
Score Distribution
Percent of People with Each Score
Percentile by Number Answered
Your Score History
You have not taken this quiz